| 000 | 00874nam a2200217 a 4500 | ||
|---|---|---|---|
| 003 | 0 | ||
| 005 | 20250310145022.0 | ||
| 008 | 080827s19uu xx 00 eng d | ||
| 050 |
_aPGS SB 951.5.L36 _b.M111 2008 |
||
| 100 | _aMa, Sang Hyun. | ||
| 245 |
_aFeasibility study on the effects of Lansium domesticum as mosquito larvae killer / _cSang Hyun Ma. |
||
| 260 |
_aLas PiƱas City, Philippines : _bSouthville International School and Colleges, _c2008. |
||
| 300 |
_a30 pages : _billustrations ; _c28 cm. |
||
| 504 | _aIncludes bibliographical references. | ||
| 650 |
_aLansium domesticum _vPesticidal properties. |
||
| 650 |
_aBotanical insecticides _vMosquito larvae control. |
||
| 650 |
_aMosquitoes _vEffect of plant extracts. |
||
| 650 |
_aMosquitoes _vBiological control. |
||
| 650 |
_aPlant extracts _vInsecticidal properties. |
||
| 942 |
_2lcc _cPASS |
||
| 999 |
_c98018 _d98018 |
||